| 000 | 00572nam a22001697a 4500 | ||
|---|---|---|---|
| 999 |
_c8594 _d8595 |
||
| 008 | 201022b ||||| |||| 00| 0 eng d | ||
| 020 | _a9780415666541 | ||
| 082 | _a006.7 FRO | ||
| 100 | _aFrost, Chris | ||
| 245 | _aDesigning for newspapers and magazines | ||
| 250 | _a2nd ed. | ||
| 260 |
_aLondon ; New York : _bRoutledge, _c2012. |
||
| 300 |
_ax, 190p. _c23 cm. |
||
| 500 | _aIncludes bibliographical references (p. [185]-186) and index. | ||
| 650 | _a Newspaper layout and typography. Magazine design. Newspaper publishing. Periodicals--Publishing. | ||
| 942 | _2ddc | ||